000 00675nam a2200205Ii 4500
003 JO-AjNU
008 230605s9999||||xx |||||||||||||| ||und||
040 _aJO-AjNU
_bara
_erda
_cJO-AjNU
041 _aara
050 1 4 _aLB3051.H8598 2004
100 3 _aالهويدي،زيد,
_eauthor
_922496
245 0 0 _aأساسيات القياس والتقويم التربوي
250 _aط1
264 3 1 _aالعين:دار الكتاب الجامعي،2004
300 _a270ص
336 _atext
_btxt
_2rdacontent
337 _aunmediated
_bn
_2rdamedia
338 _avolume
_bnc
_2rdacarrier
650 4 _aالإختبارات والقياسات التعليمية
_922497
999 _aA7994
_c11562
_d11562